[Event "IOM Open-Masters 2017"]
[Site "Douglas"]
[Date "2017.09.30"]
[Round "8"]
[White "Gelfand, Boris"]
[Black "Hemant, Sharma"]
[Result "1/2-1/2"]
[WhiteElo "2737"]
[BlackElo "2342"]
[Annotator "TA"]
[PlyCount "102"]
[EventDate "2017.??.??"]
[EventType "swiss"]
[EventCountry "GBR"]
[SourceTitle "playchess.com"]
[Source "ChessBase"]
[SourceQuality "1"]

1. d4 d5 2. c4 e6 3. Nc3 Nf6 4. cxd5 exd5 5. Bg5 c6 6. e3 Nbd7 7. Bd3 Be7 8. Nge2 O-O 9. Qc2 Re8 10. O-O Nf8 11. f3 Be6 12. Bh4 Ng6 13. Bf2 c5 14. Rad1 Rc8 15. Kh1 a6 16. a4 Qd7 17. a5 c4 18. Bxg6 hxg6 19. e4 Qc7 20. Ra1 b5 21. axb6 Qxb6 22. Bh4 Rb8 23. e5 Nh7 24. Bxe7 Rxe7 25. Ra2 Nf8 26. Rfa1 Rc7 27. Qd1 Rcb7 28. Qd2 Qd8 29. Nd1 Qh4 30. Rxa6 g5 31. Ra8 Ng6 32. g3 Qh5 33. R1a3 g4 34. f4 Ne7 35. Kg1 Qg6 36. Nec3 Nc6 37. Ne3 Kh7 38. Rxb8 Rxb8 39. Ra6 Bc8 40. f5 Qh6 41. Rxc6 Qxc6 42. f6 Qa6 43. Ncxd5 Qa1+ 44. Nf1 Qb1 45. Ne7 gxf6 46. exf6 Qxb2 47. Qf4 Bb7 48. d5 Qb6+ 49. Kh1 Qb1 50. Kg1 Qb6+ 51. Kg2 Qb2+ 1/2-1/2

[Event "IOM Open-Masters 2017"]
[Site "Douglas"]
[Date "2017.09.30"]
[Round "8"]
[White "Vallejo Pons, Francisco"]
[Black "Tari, Aryan"]
[Result "1/2-1/2"]
[WhiteElo "2717"]
[BlackElo "2588"]
[Annotator "TA"]
[PlyCount "88"]
[EventDate "2017.??.??"]
[EventType "swiss"]
[EventCountry "GBR"]
[SourceTitle "playchess.com"]
[Source "ChessBase"]
[SourceQuality "1"]

1. e4 c6 2. Nc3 d5 3. Nf3 Bg4 4. Be2 Nf6 5. h3 Bxf3 6. Bxf3 e6 7. d4 dxe4 8. Nxe4 Nbd7 9. Nd2 Nb6 10. Nb3 Bd6 11. O-O Qc7 12. a4 Bh2+ 13. Kh1 Bf4 14. a5 Nbd5 15. Nd2 O-O 16. g3 Bh6 17. Bg2 Rfe8 18. c3 e5 19. dxe5 Rxe5 20. Nf3 Bxc1 21. Qxc1 Ree8 22. a6 b6 23. Nd4 Rad8 24. Kg1 Qd7 25. Nxc6 Qxc6 26. c4 Ne4 27. cxd5 Qxd5 28. Qc7 Qd6 29. Rfc1 Re7 30. Qxd6 Nxd6 31. Rd1 Kf8 32. Rd4 Red7 33. Rad1 Ke7 34. Re1+ Kf8 35. Red1 Ke7 36. Re1+ Kf8 37. Bc6 Re7 38. Red1 Re6 39. b4 Ke7 40. Kg2 h5 41. R4d3 g6 42. Bd5 Re2 43. Kf1 Rc2 44. Bb3 Rc6 1/2-1/2

[Event "IOM Open-Masters 2017"]
[Site "Douglas"]
[Date "2017.09.30"]
[Round "8"]
[White "Naiditsch, Arkadij"]
[Black "Panchanathan, Magesh Chandran"]
[Result "1-0"]
[WhiteElo "2702"]
[BlackElo "2481"]
[Annotator "TA"]
[PlyCount "123"]
[EventDate "2017.??.??"]
[EventType "swiss"]
[EventCountry "GBR"]
[SourceTitle "playchess.com"]
[Source "ChessBase"]
[SourceQuality "1"]

1. e4 e5 2. Nf3 Nc6 3. Bb5 a6 4. Ba4 Nf6 5. d3 b5 6. Bb3 Be7 7. a4 b4 8. Nbd2 d6 9. Nc4 O-O 10. h3 Be6 11. O-O h6 12. a5 Rb8 13. Be3 Qc8 14. Re1 Qb7 15. Qe2 Nd7 16. Nh2 Bg5 17. Bxg5 Nd4 18. Qh5 hxg5 19. Qxg5 Nc5 20. Ng4 Bxg4 21. Qxg4 Ncxb3 22. cxb3 f5 23. Qd1 f4 24. Nd2 f3 25. Nxf3 Rxf3 26. gxf3 Rf8 27. f4 Rxf4 28. Re3 c5 29. Qh5 Qe7 30. Rf1 Rh4 31. Qg6 Ne6 32. Kh2 Rh6 33. Qg2 Qf7 34. Rf3 Nf4 35. Qg4 Rg6 36. Qc8+ Kh7 37. Rg3 Rf6 38. Kh1 Ne6 39. f3 Qh5 40. Qd7 Ng5 41. Rf2 Qh6 42. Rfg2 Rf7 43. Qg4 Ne6 44. Qg6+ Qxg6 45. Rxg6 Rf6 46. Rxf6 gxf6 47. Kh2 Nd4 48. Kg3 Nxb3 49. Rg1 Nd4 50. Kg4 Kg6 51. h4 Ne2 52. h5+ Kf7 53. Rh1 Kg7 54. Rh2 Nf4 55. Rd2 Kf7 56. Rd1 Kg7 57. b3 Kf7 58. h6 Kg6 59. Rh1 Nxd3 60. Rh2 Kh7 61. Rd2 Nc1 62. Kh5 1-0

[Event "IOM Open-Masters 2017"]
[Site "Douglas"]
[Date "2017.09.30"]
[Round "8"]
[White "Vidit, Santosh Gujrathi"]
[Black "Eljanov, Pavel"]
[Result "1/2-1/2"]
[WhiteElo "2702"]
[BlackElo "2734"]
[Annotator "TA"]
[PlyCount "60"]
[EventDate "2017.??.??"]
[EventType "swiss"]
[EventCountry "GBR"]
[SourceTitle "playchess.com"]
[Source "ChessBase"]
[SourceQuality "1"]

1. d4 Nf6 2. c4 e6 3. Nf3 b6 4. g3 Bb7 5. Bg2 Be7 6. O-O O-O 7. Re1 Na6 8. a3 d5 9. cxd5 exd5 10. b4 c5 11. bxc5 bxc5 12. Nc3 Ne4 13. Bb2 Rb8 14. e3 Ba8 15. Qc2 cxd4 16. Nxd4 Qd7 17. Qe2 Nac5 18. Red1 Rfc8 19. Rac1 Bf8 20. Ba1 Nxc3 21. Rxc3 Ne6 22. Nxe6 fxe6 23. e4 Rxc3 24. Bxc3 Qf7 25. exd5 Bxd5 26. Qe5 Re8 27. Bxd5 exd5 28. Qxd5 Bxa3 29. Qxf7+ Kxf7 30. Rd5 Rc8 1/2-1/2

[Event "IOM Open-Masters 2017"]
[Site "Douglas"]
[Date "2017.09.30"]
[Round "8"]
[White "Howell, David W L"]
[Black "Timman, Jan H"]
[Result "1-0"]
[WhiteElo "2701"]
[BlackElo "2573"]
[Annotator "TA"]
[PlyCount "83"]
[EventDate "2017.??.??"]
[EventType "swiss"]
[EventCountry "GBR"]
[SourceTitle "playchess.com"]
[Source "ChessBase"]
[SourceQuality "1"]

1. d4 Nf6 2. c4 g6 3. Nf3 Bg7 4. g3 O-O 5. Bg2 d6 6. Nc3 c6 7. O-O Bf5 8. Ne1 Be6 9. b3 d5 10. cxd5 cxd5 11. Nd3 Bf5 12. Bb2 Nc6 13. e3 Rc8 14. Rc1 h5 15. h3 e6 16. Ne5 g5 17. Nb5 a6 18. Nxc6 Rxc6 19. Rxc6 bxc6 20. Nc3 g4 21. h4 Nd7 22. Na4 c5 23. Qd2 cxd4 24. Bxd4 Qe7 25. Rc1 Rd8 26. Bxg7 Kxg7 27. Qd4+ Nf6 28. Qc5 Rd6 29. Nb6 Qd8 30. Nc8 Rd7 31. Nb6 Rb7 32. Na4 a5 33. Qc3 Kg6 34. Qe5 Rb8 35. Qf4 Kg7 36. Nc5 Rc8 37. a3 Bg6 38. b4 axb4 39. axb4 Nd7 40. Qd4+ Kg8 41. Bf1 Qe7 42. Nxe6 1-0

[Event "IOM Open-Masters 2017"]
[Site "Douglas"]
[Date "2017.09.30"]
[Round "8"]
[White "Rodshtein, Maxim"]
[Black "Wagner, Dennis"]
[Result "1/2-1/2"]
[WhiteElo "2695"]
[BlackElo "2564"]
[Annotator "TA"]
[PlyCount "57"]
[EventDate "2017.??.??"]
[EventType "swiss"]
[EventCountry "GBR"]
[SourceTitle "playchess.com"]
[Source "ChessBase"]
[SourceQuality "1"]

1. d4 d5 2. c4 e6 3. Nc3 c6 4. e3 Nf6 5. Nf3 Nbd7 6. Qc2 Bd6 7. Be2 O-O 8. O-O dxc4 9. Bxc4 e5 10. h3 Qe7 11. Bb3 a5 12. a3 Bc7 13. Bd2 h6 14. Nh4 Re8 15. Rac1 Nf8 16. f4 exd4 17. exd4 Qd6 18. Nf3 Be6 19. Rce1 Bxb3 20. Qxb3 Ne6 21. Be3 a4 22. Nxa4 Nxf4 23. Bxf4 Qxf4 24. Nc5 Rxe1 25. Rxe1 Rb8 26. Nd3 Qd6 27. Nc5 Qf4 28. Nd3 Qd6 29. Nc5 1/2-1/2

[Event "IOM Open-Masters 2017"]
[Site "Douglas"]
[Date "2017.09.30"]
[Round "8"]
[White "Hou, Yifan"]
[Black "Bogner, Sebastian"]
[Result "1-0"]
[WhiteElo "2670"]
[BlackElo "2599"]
[Annotator "TA"]
[PlyCount "115"]
[EventDate "2017.??.??"]
[EventType "swiss"]
[EventCountry "GBR"]
[SourceTitle "playchess.com"]
[Source "ChessBase"]
[SourceQuality "1"]

1. e4 e5 2. Nf3 Nf6 3. Nxe5 d6 4. Nf3 Nxe4 5. Nc3 Nf6 6. d4 Be7 7. h3 O-O 8. Bd3 b6 9. Ne2 Bb7 10. Ng3 Re8 11. O-O Bf8 12. Nf5 Nbd7 13. Bg5 h6 14. Bf4 Ne4 15. Nd2 Nxd2 16. Qxd2 Nf6 17. f3 Nd5 18. Bg3 Qg5 19. Qf2 Nf4 20. Bxf4 Qxf4 21. h4 g6 22. g3 Qxf3 23. Qxf3 Bxf3 24. Rxf3 gxf5 25. Bb5 Re6 26. Rxf5 Bg7 27. c3 c5 28. dxc5 bxc5 29. Bc4 Rf6 30. Raf1 Rxf5 31. Rxf5 Rf8 32. Kf2 Be5 33. g4 Kg7 34. Ke3 f6 35. h5 Re8 36. Kd3 Bg3 37. b4 cxb4 38. cxb4 Re1 39. Rb5 Re7 40. Bd5 Bf2 41. Rb8 Re5 42. Kc4 Rg5 43. Rb7+ Kh8 44. Be6 Re5 45. Bf5 Kg8 46. a4 Kf8 47. Bg6 d5+ 48. Kb5 Re7 49. Rb8+ Kg7 50. a5 f5 51. Bxf5 Rc7 52. Rd8 Rb7+ 53. Ka4 Be1 54. b5 Rc7 55. b6 axb6 56. axb6 Rc5 57. Bd3 Ra5+ 58. Kb3 1-0

[Event "IOM Open-Masters 2017"]
[Site "Douglas"]
[Date "2017.09.30"]
[Round "8"]
[White "Jones, Gawain C B"]
[Black "Batsiashvili, Nino"]
[Result "1-0"]
[WhiteElo "2668"]
[BlackElo "2472"]
[Annotator "TA"]
[PlyCount "113"]
[EventDate "2017.??.??"]
[EventType "swiss"]
[EventCountry "GBR"]
[SourceTitle "playchess.com"]
[Source "ChessBase"]
[SourceQuality "1"]

1. e4 e5 2. Nf3 Nc6 3. Bc4 Nf6 4. d4 exd4 5. e5 Ne4 6. Qe2 Nc5 7. O-O Be7 8. Rd1 d6 9. exd6 Qxd6 10. b4 Ne6 11. b5 Na5 12. Ba3 Qd7 13. Bxe6 Qxe6 14. Qd3 Qg6 15. Qxd4 Bh3 16. Nh4 Bxh4 17. Re1+ Be6 18. Qxh4 Qf6 19. Qb4 b6 20. Bb2 Qg6 21. Rd1 Nb7 22. Nc3 Nc5 23. Nd5 Bxd5 24. Rxd5 O-O 25. h4 Qxc2 26. Rc1 Qa4 27. Qxa4 Nxa4 28. Ba3 Rfd8 29. Rxd8+ Rxd8 30. Rxc7 h6 31. Rc4 Nc5 32. Bxc5 bxc5 33. Rxc5 Rd1+ 34. Kh2 Rd2 35. a4 Rd4 36. a5 Rxh4+ 37. Kg3 Rb4 38. Rc8+ Kh7 39. Rb8 g5 40. a6 Rb3+ 41. f3 Ra3 42. Rb7 Ra5 43. Rxf7+ Kg6 44. Rb7 h5 45. Kf2 Ra2+ 46. Ke3 Rb2 47. Rb8 Ra2 48. Ke4 h4 49. Ke5 Re2+ 50. Kd4 Ra2 51. Rg8+ Kf6 52. Ra8 Rd2+ 53. Kc3 Rxg2 54. Rxa7 h3 55. Rh7 h2 56. a7 Kg6 57. Rxh2 1-0

[Event "IOM Open-Masters 2017"]
[Site "Douglas"]
[Date "2017.09.30"]
[Round "8"]
[White "Akobian, Varuzhan"]
[Black "Lenderman, Aleksandr"]
[Result "1/2-1/2"]
[WhiteElo "2662"]
[BlackElo "2565"]
[Annotator "TA"]
[PlyCount "55"]
[EventDate "2017.??.??"]
[EventType "swiss"]
[EventCountry "GBR"]
[SourceTitle "playchess.com"]
[Source "ChessBase"]
[SourceQuality "1"]

1. d4 Nf6 2. c4 e6 3. Nc3 Bb4 4. Qc2 O-O 5. a3 Bxc3+ 6. Qxc3 d5 7. Nf3 dxc4 8. Qxc4 b6 9. h4 Ba6 10. Qc2 Qd5 11. h5 Rc8 12. h6 g6 13. b4 Ne4 14. Rh4 f5 15. Ng5 Nd6 16. Bf4 Bc4 17. f3 Nd7 18. e4 Qxd4 19. Rd1 Qg1 20. Qxc4 Nxc4 21. Rxd7 Ne3 22. Rg7+ Kf8 23. Nxh7+ Ke8 24. Nf6+ Kf8 25. Nd7+ Ke8 26. Nf6+ Kf8 27. Nd7+ Ke8 28. Nf6+ 1/2-1/2

[Event "IOM Open-Masters 2017"]
[Site "Douglas"]
[Date "2017.09.30"]
[Round "8"]
[White "Granda Zuniga, Julio E"]
[Black "Hambleton, Aman"]
[Result "1-0"]
[WhiteElo "2653"]
[BlackElo "2479"]
[Annotator "TA"]
[PlyCount "85"]
[EventDate "2017.??.??"]
[EventType "swiss"]
[EventCountry "GBR"]
[SourceTitle "playchess.com"]
[Source "ChessBase"]
[SourceQuality "1"]

1. g3 e5 2. c4 c6 3. Bg2 Nf6 4. Nf3 d6 5. Nc3 Be7 6. e4 O-O 7. d4 Nbd7 8. O-O a6 9. a4 a5 10. h3 Re8 11. Re1 Bf8 12. b3 exd4 13. Nxd4 Nc5 14. Bf4 g6 15. Ra2 Qb6 16. Rd2 Bd7 17. g4 h6 18. Kh1 Rad8 19. Bh2 Bc8 20. f4 Bg7 21. Bg1 Nfd7 22. Re3 Nf8 23. Nce2 Qc7 24. Qf1 Re7 25. Ng3 Rde8 26. Nc2 Nh7 27. Rde2 Nf6 28. Qe1 Ne6 29. Rf3 Nd7 30. Be3 Nec5 31. Bd2 Nf6 32. Rfe3 b6 33. Bc3 Bb7 34. Nd4 Qb8 35. Ndf5 gxf5 36. Nxf5 Bh8 37. Qh4 Re6 38. Nxh6+ Kf8 39. Nf5 Kg8 40. Nh6+ Kf8 41. g5 Ncxe4 42. Nf5 Kg8 43. Rxe4 1-0

[Event "IOM Open-Masters 2017"]
[Site "Douglas"]
[Date "2017.09.30"]
[Round "8"]
[White "Grandelius, Nils"]
[Black "Adams, Michael"]
[Result "1/2-1/2"]
[WhiteElo "2653"]
[BlackElo "2738"]
[Annotator "TA"]
[PlyCount "51"]
[EventDate "2017.??.??"]
[EventType "swiss"]
[EventCountry "GBR"]
[SourceTitle "playchess.com"]
[Source "ChessBase"]
[SourceQuality "1"]

1. e4 e5 2. Nf3 Nc6 3. Bb5 Nf6 4. O-O Nxe4 5. d4 Nd6 6. dxe5 Nxb5 7. a4 Nbd4 8. Nxd4 d6 9. exd6 Bxd6 10. Re1+ Be7 11. Bg5 f6 12. Be3 Nxd4 13. Bxd4 O-O 14. Qd3 Rf7 15. Qc4 Bf5 16. Nc3 Bf8 17. Bc5 Bxc5 18. Qxc5 Bxc2 19. Nd5 Qd6 20. Qxc2 Qxd5 21. Rad1 Qc6 22. Qb3 Qb6 23. Qc4 Qc6 24. Qb3 Qb6 25. Qc4 Qc6 26. Qb3 1/2-1/2

[Event "IOM Open-Masters 2017"]
[Site "Douglas"]
[Date "2017.09.30"]
[Round "8"]
[White "Xiong, Jeffery"]
[Black "Zatonskih, Anna"]
[Result "1-0"]
[WhiteElo "2633"]
[BlackElo "2424"]
[Annotator "TA"]
[PlyCount "81"]
[EventDate "2017.??.??"]
[EventType "swiss"]
[EventCountry "GBR"]
[SourceTitle "playchess.com"]
[Source "ChessBase"]
[SourceQuality "1"]

1. Nf3 d5 2. d4 Nf6 3. c4 e6 4. g3 dxc4 5. Bg2 c5 6. O-O Nc6 7. dxc5 Qxd1 8. Rxd1 Bxc5 9. Nbd2 c3 10. bxc3 O-O 11. Nb3 Be7 12. c4 Bd7 13. Bb2 Rfd8 14. Nfd4 Rac8 15. Nb5 b6 16. Nd6 Rb8 17. Rd2 a5 18. a4 Kf8 19. Rad1 Nb4 20. Nb5 Bc6 21. Be5 Rxd2 22. Rxd2 Rb7 23. c5 Bxg2 24. Kxg2 Nd7 25. Nd6 Bxd6 26. Bxd6+ Ke8 27. cxb6 Rxb6 28. Nxa5 Nd5 29. Nc4 Rc6 30. Rd4 Nc3 31. Bb4 Nxa4 32. Nd6+ Ke7 33. Nf5+ Kf6 34. Ne7 Rc7 35. Bd6 Ra7 36. Rf4+ Kg5 37. Rxf7 Kh6 38. h4 e5 39. Bb4 Nab6 40. Bd2+ Kh5 41. Rf5+ 1-0

[Event "IOM Open-Masters 2017"]
[Site "Douglas"]
[Date "2017.09.30"]
[Round "8"]
[White "Bok, Benjamin"]
[Black "Yankelevich, Lev"]
[Result "1/2-1/2"]
[WhiteElo "2620"]
[BlackElo "2443"]
[Annotator "TA"]
[PlyCount "80"]
[EventDate "2017.??.??"]
[EventType "swiss"]
[EventCountry "GBR"]
[SourceTitle "playchess.com"]
[Source "ChessBase"]
[SourceQuality "1"]

1. c4 g6 2. e4 Bg7 3. d4 d6 4. Nc3 Nf6 5. f3 O-O 6. Be3 c5 7. Nge2 Nc6 8. d5 Na5 9. Ng3 a6 10. Be2 b5 11. cxb5 axb5 12. Nxb5 Ne8 13. Qc2 Ba6 14. a4 e6 15. dxe6 fxe6 16. Rd1 Qb8 17. O-O Nc6 18. Bc4 Bxb5 19. axb5 Nd4 20. Bxd4 Bxd4+ 21. Kh1 Ng7 22. Ne2 Bf6 23. b4 Ra3 24. bxc5 dxc5 25. Rd3 Rxd3 26. Qxd3 Qb6 27. Qb3 Rd8 28. f4 Kf8 29. e5 Be7 30. Rd1 Nf5 31. Rxd8+ Bxd8 32. Bxe6 c4 33. Bxc4 Qc5 34. Bg8 Nh6 35. Qd5 Qb6 36. Be6 Be7 37. Nd4 Qa5 38. g3 Qd2 39. Kg1 g5 40. Bh3 Qe3+ 1/2-1/2

[Event "IOM Open-Masters 2017"]
[Site "Douglas"]
[Date "2017.09.30"]
[Round "8"]
[White "L'Ami, Erwin"]
[Black "Kasimdzhanov, Rustam"]
[Result "1/2-1/2"]
[WhiteElo "2611"]
[BlackElo "2676"]
[Annotator "TA"]
[PlyCount "173"]
[EventDate "2017.??.??"]
[EventType "swiss"]
[EventCountry "GBR"]
[SourceTitle "playchess.com"]
[Source "ChessBase"]
[SourceQuality "1"]

1. d4 d6 2. e4 Nf6 3. Nc3 g6 4. f4 Bg7 5. Nf3 O-O 6. e5 Nfd7 7. Bc4 e6 8. O-O a6 9. a4 d5 10. Bd3 c5 11. dxc5 Nxc5 12. Be3 b6 13. b4 Ncd7 14. Ne2 Nc6 15. c3 Bb7 16. Ned4 Qe7 17. a5 b5 18. Qd2 Rac8 19. Rae1 f6 20. exf6 Nxf6 21. Nxc6 Rxc6 22. Bd4 Ne4 23. Bxe4 dxe4 24. Rxe4 Rxc3 25. Qxc3 Bxe4 26. Bxg7 Qxg7 27. Ne5 Bd5 28. h3 h6 29. Qe3 g5 30. fxg5 Rxf1+ 31. Kxf1 hxg5 32. Nf3 Bxf3 33. Qxe6+ Kh7 34. gxf3 Qa1+ 35. Qe1 Qb2 36. h4 gxh4 37. Qxh4+ Kg6 38. Qe4+ Kg5 39. Ke1 Qh2 40. Qe3+ Kf5 41. Qe4+ Kg5 42. Qd5+ Kf6 43. Qd2 Qh4+ 44. Ke2 Qh2+ 45. Kd3 Qh7+ 46. Kc3 Qc7+ 47. Kb2 Qg3 48. Qd4+ Kf7 49. Qe4 Qg1 50. Kc2 Kf6 51. Qf4+ Ke7 52. Qe5+ Kf7 53. Qf5+ Ke8 54. Qe4+ Kf7 55. Kd2 Qa1 56. Ke2 Qb2+ 57. Ke3 Qc3+ 58. Kf4 Qc7+ 59. Kg4 Qc3 60. Kg3 Kf6 61. Qh4+ Ke6 62. Qh6+ Kd5 63. Qf4 Ke6 64. Qh6+ Kf5 65. Qh5+ Ke6 66. Qe8+ Kf5 67. Qe7 Kg6 68. Kg4 Qc8+ 69. Kh4 Qh8+ 70. Kg3 Qc3 71. Qe6+ Kg5 72. Qe4 Kf6 73. Qf4+ Ke6 74. Kg4 Qg7+ 75. Kh5 Qh8+ 76. Kg5 Qg7+ 77. Kh4 Qh8+ 78. Kg4 Qg7+ 79. Kh3 Qh8+ 80. Qh4 Qc3 81. Qe4+ Kf6 82. Qg4 Qd2 83. Qh4+ Kg6 84. Qe4+ Kh5 85. Qe5+ Kg6 86. Qe6+ Kh5 87. Qe8+ 1/2-1/2

[Event "IOM Open-Masters 2017"]
[Site "Douglas"]
[Date "2017.09.30"]
[Round "8"]
[White "Sokolov, Ivan"]
[Black "Rapport, Richard"]
[Result "0-1"]
[WhiteElo "2603"]
[BlackElo "2675"]
[Annotator "TA"]
[PlyCount "62"]
[EventDate "2017.??.??"]
[EventType "swiss"]
[EventCountry "GBR"]
[SourceTitle "playchess.com"]
[Source "ChessBase"]
[SourceQuality "1"]

1. d4 d5 2. c4 Nc6 3. Nf3 Bg4 4. Nc3 e6 5. cxd5 exd5 6. Bg5 Be7 7. Bxe7 Ngxe7 8. e3 O-O 9. Be2 Qd6 10. Rc1 Rae8 11. O-O Nc8 12. b4 Nb6 13. a3 Re6 14. h3 Bxf3 15. Bxf3 Ne7 16. e4 c6 17. e5 Qd8 18. Be2 Rh6 19. b5 f6 20. f4 Nf5 21. Qd3 fxe5 22. dxe5 Nc4 23. bxc6 bxc6 24. Nd1 Rg6 25. Bg4 Qb6+ 26. Rf2 Nfe3 27. Nxe3 Nxe3 28. Rb1 Qc5 29. Bh5 Rg3 30. e6 g6 31. Bf3 Nxg2 0-1

[Event "IOM Open-Masters 2017"]
[Site "Douglas"]
[Date "2017.09.30"]
[Round "8"]
[White "Bindrich, Falko"]
[Black "Movsesian, Sergei"]
[Result "1/2-1/2"]
[WhiteElo "2598"]
[BlackElo "2671"]
[Annotator "TA"]
[PlyCount "74"]
[EventDate "2017.??.??"]
[EventType "swiss"]
[EventCountry "GBR"]
[SourceTitle "playchess.com"]
[Source "ChessBase"]
[SourceQuality "1"]

1. d4 Nf6 2. c4 e6 3. Nc3 Bb4 4. Qc2 d5 5. a3 Bxc3+ 6. Qxc3 O-O 7. Bg5 dxc4 8. Qxc4 b6 9. Rd1 Ba6 10. Qa4 h6 11. Bh4 Qe7 12. Nf3 c5 13. dxc5 Qxc5 14. Bxf6 gxf6 15. e3 Bxf1 16. Kxf1 Nc6 17. Ke2 Rfc8 18. Rc1 Qa5 19. Qxa5 Nxa5 20. Nd4 a6 21. a4 Kf8 22. Rhd1 Ke8 23. b4 Nc4 24. Rc2 Na3 25. Ra2 Nc4 26. Rc1 Kd7 27. Nb3 Nd6 28. Rac2 Rxc2+ 29. Rxc2 e5 30. g3 f5 31. Kd3 f6 32. a5 bxa5 33. Nc5+ Kc6 34. Nxa6+ Kd7 35. Nc5+ Ke7 36. bxa5 Rxa5 37. Ke2 Ra3 1/2-1/2

[Event "IOM Open-Masters 2017"]
[Site "Douglas"]
[Date "2017.09.30"]
[Round "8"]
[White "Huschenbeth, Niclas"]
[Black "Salomon, Johan"]
[Result "1-0"]
[WhiteElo "2596"]
[BlackElo "2476"]
[Annotator "TA"]
[PlyCount "131"]
[EventDate "2017.??.??"]
[EventType "swiss"]
[EventCountry "GBR"]
[SourceTitle "playchess.com"]
[Source "ChessBase"]
[SourceQuality "1"]

1. e4 e5 2. Nf3 Nc6 3. d4 exd4 4. Nxd4 Qf6 5. Be3 Bc5 6. c3 Nge7 7. Bc4 O-O 8. O-O b6 9. Qd2 Qg6 10. Nxc6 Nxc6 11. Bxc5 bxc5 12. f3 Rb8 13. Na3 d6 14. Rae1 Ne5 15. Be2 Qf6 16. f4 Ng6 17. Nc4 Bb7 18. Bd3 Rbe8 19. g3 Rd8 20. h4 Rfe8 21. Qf2 h6 22. Re2 Nf8 23. Rfe1 Qg6 24. Re3 Qf6 25. e5 dxe5 26. Nxe5 Re6 27. Bc2 h5 28. Qe2 g6 29. Bb3 Bd5 30. Bxd5 Rxd5 31. Qc2 Kg7 32. Nf3 Rxe3 33. Rxe3 Qd6 34. Kf2 Nd7 35. c4 Rd1 36. Re1 Rd3 37. Re3 Rd1 38. Re1 Rd3 39. Ke2 Rd4 40. Nxd4 cxd4 41. Kd1 Nc5 42. Qe2 Nd7 43. f5 Qxg3 44. fxg6 Qxg6 45. Qe4 Qf6 46. Rg1+ Kh6 47. Qg2 Ne5 48. Qd2+ Kh7 49. Qxd4 Qf5 50. Kc1 Nd3+ 51. Kd2 Ne5 52. Kc1 Nd3+ 53. Kd2 Ne5 54. Kc3 Qf3+ 55. Kc2 Qf5+ 56. Kb3 Qf3+ 57. Ka4 Qc6+ 58. Kb4 a5+ 59. Kb3 Qf3+ 60. Qc3 a4+ 61. Ka3 Nxc4+ 62. Kb4 Qb7+ 63. Kxc4 Qc6+ 64. Kd4 Qb6+ 65. Qc5 Qxb2+ 66. Kd3 1-0

[Event "IOM Open-Masters 2017"]
[Site "Douglas"]
[Date "2017.09.30"]
[Round "8"]
[White "Svane, Rasmus"]
[Black "Kavutskiy, Konstantin"]
[Result "1-0"]
[WhiteElo "2595"]
[BlackElo "2390"]
[Annotator "TA"]
[PlyCount "109"]
[EventDate "2017.??.??"]
[EventType "swiss"]
[EventCountry "GBR"]
[SourceTitle "playchess.com"]
[Source "ChessBase"]
[SourceQuality "1"]

1. Nf3 Nf6 2. d4 g6 3. g3 Bg7 4. Bg2 O-O 5. O-O d6 6. c4 c6 7. Nc3 Qb6 8. b3 e5 9. Bg5 h6 10. dxe5 dxe5 11. Bxf6 Bxf6 12. Qd6 Qd8 13. Qxd8 Rxd8 14. Ne4 Bg7 15. Rad1 Rf8 16. b4 a5 17. b5 Be6 18. Nfd2 Nd7 19. Nd6 Nc5 20. Nb3 Nxb3 21. axb3 Rab8 22. Rd3 cxb5 23. Nxb5 a4 24. Bd5 e4 25. Re3 Bxd5 26. cxd5 Ra8 27. bxa4 Rxa4 28. Rb3 Rd8 29. d6 Be5 30. Rd1 Ra6 31. Rb4 Kf8 32. Rxe4 Bxd6 33. Red4 Ke7 34. e4 Rc6 35. Rd5 f6 36. Kh1 g5 37. f4 gxf4 38. gxf4 Rb6 39. e5 fxe5 40. fxe5 Bxe5 41. Rxe5+ Kf6 42. Red5 Rxd5 43. Rxd5 Re6 44. Kg2 Re2+ 45. Kg3 Rb2 46. Rd6+ Kg5 47. Nd4 Rb1 48. h4+ Kh5 49. Rd5+ Kg6 50. Rd6+ Kh5 51. Rd5+ Kg6 52. Kf4 Rb4 53. h5+ Kf6 54. Rd6+ Ke7 55. Ke5 1-0

[Event "IOM Open-Masters 2017"]
[Site "Douglas"]
[Date "2017.09.30"]
[Round "8"]
[White "Sunilduth Lyna, Narayanan"]
[Black "Riazantsev, Alexander"]
[Result "1-0"]
[WhiteElo "2568"]
[BlackElo "2666"]
[Annotator "TA"]
[PlyCount "73"]
[EventDate "2017.??.??"]
[EventType "swiss"]
[EventCountry "GBR"]
[SourceTitle "playchess.com"]
[Source "ChessBase"]
[SourceQuality "1"]

1. d4 Nf6 2. c4 e6 3. Nf3 d5 4. Nc3 c6 5. e3 a6 6. b3 Bb4 7. Bd2 O-O 8. Bd3 Nbd7 9. O-O Bd6 10. Re1 h6 11. h3 b6 12. e4 dxc4 13. bxc4 e5 14. Be3 Qc7 15. Rb1 exd4 16. Bxd4 Bc5 17. Bc2 Rd8 18. e5 Ne8 19. Qd3 Nf8 20. Qe3 Bxd4 21. Nxd4 Rb8 22. f4 c5 23. Nf3 Be6 24. f5 Bxc4 25. f6 b5 26. fxg7 Kxg7 27. Nh4 Rb6 28. Nf5+ Kh8 29. Nxh6 f6 30. Qf3 Rd2 31. Rbc1 Qb7 32. Ne4 Rd4 33. Nf5 Rd8 34. Rcd1 Bd5 35. Nfd6 Nxd6 36. Qxf6+ Qg7 37. Qh4+ 1-0

[Event "IOM Open-Masters 2017"]
[Site "Douglas"]
[Date "2017.09.30"]
[Round "8"]
[White "Donchenko, Alexander"]
[Black "Sargissian, Gabriel"]
[Result "1/2-1/2"]
[WhiteElo "2559"]
[BlackElo "2652"]
[Annotator "TA"]
[PlyCount "63"]
[EventDate "2017.??.??"]
[EventType "swiss"]
[EventCountry "GBR"]
[SourceTitle "playchess.com"]
[Source "ChessBase"]
[SourceQuality "1"]

1. d4 Nf6 2. c4 e6 3. g3 d5 4. Bg2 Bb4+ 5. Nd2 O-O 6. Ngf3 b6 7. O-O Bb7 8. Ne5 Nc6 9. a3 Be7 10. cxd5 exd5 11. Nef3 a5 12. b3 a4 13. b4 Ne4 14. Bb2 Bf6 15. Ne5 Nxd2 16. Qxd2 Re8 17. Ng4 Na7 18. Nxf6+ Qxf6 19. Rac1 Nb5 20. Rfe1 Re7 21. Rc2 Rae8 22. Qc1 h5 23. h4 Nd6 24. Qg5 Qxg5 25. hxg5 c6 26. Bc1 b5 27. e3 Kh7 28. Bf1 Nc4 29. Bd3+ g6 30. Rce2 Bc8 31. f3 Nd6 32. e4 1/2-1/2

[Event "IOM Open-Masters 2017"]
[Site "Douglas"]
[Date "2017.09.30"]
[Round "8"]
[White "Vishnu Prasanna  V"]
[Black "Tarjan, James E"]
[Result "1/2-1/2"]
[WhiteElo "2543"]
[BlackElo "2412"]
[Annotator "TA"]
[PlyCount "98"]
[EventDate "2017.??.??"]
[EventType "swiss"]
[EventCountry "GBR"]
[SourceTitle "playchess.com"]
[Source "ChessBase"]
[SourceQuality "1"]

1. e4 e5 2. Nf3 Nc6 3. Bc4 Nf6 4. d3 Be7 5. Nc3 O-O 6. a3 d6 7. Be3 Na5 8. Ba2 c5 9. h3 Nc6 10. Nd2 Be6 11. Nd5 b5 12. O-O Rb8 13. c3 a5 14. a4 b4 15. Bc4 Nd7 16. Nf3 Nb6 17. Bb3 Re8 18. Rc1 bxc3 19. bxc3 Bf6 20. Nxf6+ Qxf6 21. Bc2 h6 22. Rb1 Bc8 23. Qe2 Ba6 24. Nd2 Nd4 25. cxd4 exd4 26. Bb3 Re7 27. Rbc1 Reb7 28. Rc2 dxe3 29. fxe3 Qd8 30. Rf5 g6 31. Rf4 Kg7 32. Qf1 Qe8 33. Qa1+ Kg8 34. Qf6 d5 35. Rh4 h5 36. Qg5 c4 37. dxc4 dxc4 38. Nxc4 Nxc4 39. Bxc4 Bxc4 40. Rxc4 Rb4 41. e5 Qxa4 42. Rxb4 Rxb4 43. Qd8+ Kh7 44. Rxb4 axb4 45. Qe7 Qb3 46. Kf2 Qc4 47. e6 Qa2+ 48. Kf3 Qd5+ 49. e4 Qxe6 1/2-1/2